Famous Prisons Quiz Stats

 Plays Quiz Updated May 23, 2019

Score 0/26 Timer 09:00
0 Plays Today
Location Prison % Correct
San Francisco Bay, United StatesAlcatraz Island
93.8%
Paris, FranceThe Bastille
60.8%
London, England, United KingdomTower of London
55.4%
Ossining, New York, United StatesSing Sing Correctional Facility
49.5%
Southeastern CubaGuantanamo Bay
47.7%
Many USSR locations, especially in SiberiaGulag penal system
28.6%
New York City, United StatesRikers Island
25.2%
Near San Rafael, California, United StatesSan Quentin State Penitentiary
23.1%
Hanoi, VietnamHoa Lo Prison
22.2%
Kansas, United StatesLeavenworth US Penitentary
21.7%
Baghdad, IraqAbu Ghraib
18.8%
Off the coast of French GuianaDevil's Island
17.1%
Outside Sacramento, CaliforniaFolsom State Prison
16.7%
Location Prison % Correct
Western New York State, United StatesAttica Correctional Facility
16.4%
1,200 miles west of AfricaSaint Helena (isolation)
16%
Southwest of Chicago, United StatesStateville Correctional Center
11.3%
Near Americus, Georgia, United StatesAndersonville Prison
10.5%
Off the coast of Cape Town, South AfricaRobben Island
8.6%
Berlin, GermanySpandau Prison
8%
Philadelphia, Pennsylvania, United StatesEastern State Penitentiary
6.2%
Offshore Marseille in southeastern FranceChâteau d'If
5.7%
Princetown, England, United KingdomDartmoor Prison
4.2%
London, England, United KingdomNewgate Prison
4%
Tasmania, AustraliaPort Arthur
2.5%
Melbourne, AustraliaOld Melbourne Gaol
1.6%
Palmyra, SyriaTadmor Prison
0.8%

You're not logged in!

Compare scores with friends on all Sporcle quizzes.
OR
Log In

Sporcle TV

Today on Sporcle TV


Watch our educational content, quiz creation guides, and fun videos on Sporcle TV.

Show Comments

Extras

Top Quizzes Today


Score Distribution

Your Account Isn't Verified!

In order to create a playlist on Sporcle, you need to verify the email address you used during registration. Go to your Sporcle Settings to finish the process.

Report this User

Report this user for behavior that violates our Community Guidelines.

Details: